000
00279nam a2200109Ia 4500
008
190913s9999||||xx |||||||||||||| ||und||
100
_a
Paul Bennett
245
2
_a
A Course in Generalized Phrase Structure Grammer
260
_a
UK
_b
McGraw Hill
_c
1997
300
_a
224
942
_c
BK
999
_c
8169
_d
8169